<?xml version="1.0" encoding="UTF-8"?>
<record
    xmlns:xsi="http://www.w3.org/2001/XMLSchema-instance"
    xsi:schemaLocation="http://www.loc.gov/MARC21/slim http://www.loc.gov/standards/marcxml/schema/MARC21slim.xsd"
    xmlns="http://www.loc.gov/MARC21/slim">

  <leader>00462cam a22001217a 4500</leader>
  <controlfield tag="008">180718b--   xxu||||| |||| 00| 0 eng d</controlfield>
  <datafield tag="082" ind1=" " ind2=" ">
    <subfield code="a">L906x5413 E</subfield>
  </datafield>
  <datafield tag="245" ind1=" " ind2=" ">
    <subfield code="a">Epitome of CAG's reports on the government of Bihar</subfield>
    <subfield code="c">by Principal Accountant General (Audit), Bihar</subfield>
  </datafield>
  <datafield tag="260" ind1=" " ind2=" ">
    <subfield code="a">Patna</subfield>
    <subfield code="b">Preincipal Accountant General (Audit)</subfield>
    <subfield code="c">--</subfield>
  </datafield>
  <datafield tag="500" ind1=" " ind2=" ">
    <subfield code="a">Library has 2007/08, 2008/09</subfield>
  </datafield>
  <datafield tag="650" ind1=" " ind2=" ">
    <subfield code="a">Auditing - India - Bihar</subfield>
  </datafield>
  <datafield tag="700" ind1=" " ind2=" ">
    <subfield code="a">Bihar. Principal Accountant General (Audit)</subfield>
  </datafield>
  <datafield tag="999" ind1=" " ind2=" ">
    <subfield code="c">480670</subfield>
    <subfield code="d">480670</subfield>
  </datafield>
  <datafield tag="952" ind1=" " ind2=" ">
    <subfield code="0">0</subfield>
    <subfield code="1">0</subfield>
    <subfield code="4">0</subfield>
    <subfield code="7">0</subfield>
    <subfield code="a">IIPA</subfield>
    <subfield code="b">IIPA</subfield>
    <subfield code="d">2018-08-04</subfield>
    <subfield code="o">L906x5413 E</subfield>
    <subfield code="p">GG31145</subfield>
    <subfield code="r">2018-08-04</subfield>
    <subfield code="w">2018-08-04</subfield>
    <subfield code="y">GG</subfield>
  </datafield>
  <datafield tag="952" ind1=" " ind2=" ">
    <subfield code="0">0</subfield>
    <subfield code="1">0</subfield>
    <subfield code="4">0</subfield>
    <subfield code="7">0</subfield>
    <subfield code="a">IIPA</subfield>
    <subfield code="b">IIPA</subfield>
    <subfield code="d">2018-08-04</subfield>
    <subfield code="o">L906x5413 E</subfield>
    <subfield code="p">GG31144</subfield>
    <subfield code="r">2018-08-04</subfield>
    <subfield code="w">2018-08-04</subfield>
    <subfield code="y">GG</subfield>
  </datafield>
  <datafield tag="952" ind1=" " ind2=" ">
    <subfield code="0">0</subfield>
    <subfield code="1">0</subfield>
    <subfield code="4">0</subfield>
    <subfield code="7">0</subfield>
    <subfield code="a">IIPA</subfield>
    <subfield code="b">IIPA</subfield>
    <subfield code="d">2018-08-04</subfield>
    <subfield code="o">L906x5413 E</subfield>
    <subfield code="p">GG29997</subfield>
    <subfield code="r">2018-08-04</subfield>
    <subfield code="w">2018-08-04</subfield>
    <subfield code="y">GG</subfield>
  </datafield>
  <datafield tag="952" ind1=" " ind2=" ">
    <subfield code="0">0</subfield>
    <subfield code="1">0</subfield>
    <subfield code="4">0</subfield>
    <subfield code="7">0</subfield>
    <subfield code="a">IIPA</subfield>
    <subfield code="b">IIPA</subfield>
    <subfield code="d">2018-08-04</subfield>
    <subfield code="o">L906x5413 E</subfield>
    <subfield code="p">GG29996</subfield>
    <subfield code="r">2018-08-04</subfield>
    <subfield code="w">2018-08-04</subfield>
    <subfield code="y">GG</subfield>
  </datafield>
  <datafield tag="952" ind1=" " ind2=" ">
    <subfield code="0">0</subfield>
    <subfield code="1">0</subfield>
    <subfield code="4">0</subfield>
    <subfield code="7">0</subfield>
    <subfield code="a">IIPA</subfield>
    <subfield code="b">IIPA</subfield>
    <subfield code="d">2018-08-04</subfield>
    <subfield code="o">L906x5413 E</subfield>
    <subfield code="p">GG29658</subfield>
    <subfield code="r">2018-08-04</subfield>
    <subfield code="w">2018-08-04</subfield>
    <subfield code="y">GG</subfield>
  </datafield>
  <datafield tag="952" ind1=" " ind2=" ">
    <subfield code="0">0</subfield>
    <subfield code="1">0</subfield>
    <subfield code="4">0</subfield>
    <subfield code="7">0</subfield>
    <subfield code="a">IIPA</subfield>
    <subfield code="b">IIPA</subfield>
    <subfield code="d">2018-08-04</subfield>
    <subfield code="o">L906x5413 E</subfield>
    <subfield code="p">GG29657</subfield>
    <subfield code="r">2018-08-04</subfield>
    <subfield code="w">2018-08-04</subfield>
    <subfield code="y">GG</subfield>
  </datafield>
</record>
